| 000 | 00734cab a2200217 4500 | ||
|---|---|---|---|
| 001 | ABS39614 | ||
| 008 | 090401t1988 xxu||||| |||| 00| 0 eng d | ||
| 035 | _a(Sirsi) u17756 | ||
| 041 | _aeng | ||
| 100 | _aHancock, M. | ||
| 245 | _aGrowing better | ||
| 260 | _c1988 | ||
| 350 | _a0 | ||
| 490 |
_aChartered Quantity Surveyor _v10(12) August 1988, 20(1) |
||
| 520 | _aConsiders ways of managing company growth and change, looking at two distinct ways growth can occur, why change is necessary, the likely effect change will have on people, how they will react to it and how resistance can be minimised. | ||
| 650 | _aCOMPANIES | ||
| 650 | _aMANAGEMENT | ||
| 690 | _aECONOMIC AND SOCIAL | ||
| 942 | _n0 | ||
| 948 | _c04/03/1997 | ||
| 999 |
_c11777 _d11777 |
||